| 000 | 01706nam a2200409 c 4500 | ||
|---|---|---|---|
| 003 | BLK | ||
| 005 | 20180422104215.0 | ||
| 008 | 180408b bul|||||r ||||||| ||bul|| | ||
| 010 | _aKNG00089518000 | ||
| 020 |
_a978-954-9358-22-3 _bиздат.: ЗЕА ПРИНТ |
||
| 040 | _aBLK | ||
| 041 |
_aBUL _cBUL |
||
| 080 |
_aКраезнание _b908 _x(497.23-21)(092) _z908(497.23-21)(092) |
||
| 080 |
_a _b929 Чичовски, Георги Иванов _x _z929 Чичовски, Георги Иванов |
||
| 700 | 1 |
_aМаринов, Александър Петров _eсъстав. и ред. _9371303 |
|
| 139 |
_aЧепеларски будители _bЧ 64 |
||
| 245 | 1 | 0 |
_aЧепеларски будители _bД-р Георги Чичовски 1878-1946 : Спомени, писма, док., библиогр. и др. _cсъстав. и ред. Александър Петров Маринов. |
| 257 | _aBGR | ||
| 260 |
_аСмолян _bЗЕА ПРИНТ _c2008 |
||
| 300 |
_a156 с. _bс ил., факс. _c21 см |
||
| 380 | _a9 | ||
| 500 | _aВ библиогр. каре местоизд. погрешно означено Пловдив | ||
| 600 | 1 | 4 |
_aЧичовски, Георги Иванов _9301620 |
| 650 | 4 |
_aНаучни и културни дейци - България _9279230 |
|
| 651 | 4 |
_aЧепеларе _9179770 |
|
| 651 | 4 |
_aСмолянско _9179564 |
|
| 653 | _aнаучни дейци | ||
| 653 | _aбиографии | ||
| 653 | _aГеорги Чичовски | ||
| 653 | _aЧепеларе | ||
| 653 | _aСмолянско | ||
| 852 | _aЦб 244029 | ||
| 856 | 4 |
_qpdf _u |
|
| 856 | 4 |
_qpdf _u |
|
| 942 |
_cKNG _n0 |
||
| 944 |
_aCR _c15.05.2009 _kМилена_Ачева |
||
| 944 |
_aED _c11.06.2009 _k |
||
| 999 |
_c84925 _d84925 |
||